00454nam a2200145 i 450000100060000000300090000600500170001500700030003200800410003510000290007624500740010526000610017930000370024085200310027739343ES-MaACL20230906155943.0t|030227s1952 sp ||||1| spa d1 aCalle Iturrino, Esteban.10aTamboril b: poesías montañeras de mi pais / cE. Calle Iturrino. aBilbao : b[s.n., c1952] (fImp. Provincial de Vizcaya) a110 p. : bretr. aut. ; c18 cm. aES-MaACLjD-8147 bR.32258